A Social and cultural history of Sind : (Record no. 331656)

000 -LEADER
fixed length control field 00956cam a22002535a 4500
001 - CONTROL NUMBER
control field 14309377
003 - CONTROL NUMBER IDENTIFIER
control field NUST
005 - DATE AND TIME OF LATEST TRANSACTION
control field 20171012121803.0
008 - FIXED-LENGTH DATA ELEMENTS--GENERAL INFORMATION
fixed length control field 060322s2005 pk b 001 0 eng
010 ## - LIBRARY OF CONGRESS CONTROL NUMBER
LC control number 2006334336
040 ## - CATALOGING SOURCE
Original cataloging agency DLC
Transcribing agency DLC
043 ## - GEOGRAPHIC AREA CODE
Geographic area code a-pk---
050 00 - LIBRARY OF CONGRESS CALL NUMBER
Classification number DS392.S56
Item number S63 2005
082 ## - DEWEY DECIMAL CLASSIFICATION NUMBER
Classification number 954.9
Author Mark SOC
245 02 - TITLE STATEMENT
Title A Social and cultural history of Sind :
Remainder of title based on the accounts of the European travellers who visited Sind /
Statement of responsibility, etc. [edited by] Mubarak Ali.
260 ## - PUBLICATION, DISTRIBUTION, ETC.
Place of publication, distribution, etc. Lahore :
Name of publisher, distributor, etc. Fiction House,
Date of publication, distribution, etc. 2005.
300 ## - PHYSICAL DESCRIPTION
Extent ix, 352 p. ;
Dimensions 22 cm.
500 ## - GENERAL NOTE
General note Originally published
504 ## - BIBLIOGRAPHY, ETC. NOTE
Bibliography, etc. note Includes bibliographical references (p. vii-viii) and index.
651 #0 - SUBJECT ADDED ENTRY--GEOGRAPHIC NAME
Geographic name Sindh (Pakistan)
General subdivision Civilization.
9 (RLIN) 5395
651 #0 - SUBJECT ADDED ENTRY--GEOGRAPHIC NAME
Geographic name Sindh (Pakistan)
General subdivision Description and travel.
9 (RLIN) 5396
700 1# - ADDED ENTRY--PERSONAL NAME
Personal name Khan, Mubarak Ali.
9 (RLIN) 4808
906 ## - LOCAL DATA ELEMENT F, LDF (RLIN)
a 7
b cbc
c origode
d 3
e ncip
f 20
g y-gencatlg
942 ## - ADDED ENTRY ELEMENTS (KOHA)
Source of classification or shelving scheme
Koha item type Book
Holdings
Withdrawn status Lost status Source of classification or shelving scheme Damaged status Not for loan Collection code Permanent Location Current Location Shelving location Date acquired Total Checkouts Full call number Barcode Checked out Date last seen Date last checked out Copy number Price effective from Koha item type
            Central Library (CL) Central Library (CL) Book Cart 10/12/2017 1 954.9 SOC CL2856 12/27/2025 11/27/2025 11/27/2025 1 10/12/2017 Book
© 2023 Central Library, National University of Sciences and Technology. All Rights Reserved.